Vegigantes (Record no. 15542)
[ view plain ]
| 000 -CABECERA | |
|---|---|
| campo de control de longitud fija | 00634caa a22001812a 4500 |
| 001 - NÚMERO DE CONTROL | |
| campo de control | 009746 |
| 003 - IDENTIFICADOR DEL NÚMERO DE CONTROL | |
| campo de control | AR-FADEU |
| 008 - DATOS DE LONGITUD FIJA--INFORMACIÓN GENERAL | |
| campo de control de longitud fija | 311216n########xxu####################dd |
| 092 ## - ASIGNACIÓN LOCAL DE SIGNATURA TOPOGRÁFICA DEWEY (OCLC) | |
| Número de clasificación | P862.44 |
| Número de documento/Ítem | T253 |
| Característica del encabezamiento | BLYNK |
| 100 ## - ENTRADA PRINCIPAL--NOMBRE DE PERSONA | |
| Nombre de persona | Arriví, Francisco |
| 245 ## - MENCIÓN DE TÍTULO | |
| Título | Vegigantes |
| 300 ## - DESCRIPCIÓN FÍSICA | |
| Extensión | PP. 279-401 |
| 500 ## - NOTA GENERAL | |
| Nota general | En: Teatro puertorriqueño. Puerto Rico : Instituto de Cultura Puertorriqueña, 1959 |
| 650 ## - PUNTO DE ACCESO ADICIONAL DE MATERIA--TÉRMINO DE MATERIA | |
| Término de materia o nombre geográfico como elemento inicial | /BLYNK/ |
| 773 0# - ENLACE AL DOCUMENTO FUENTE/ENTRADA DE REGISTRO ANFITRIÓN | |
| Número bibliográfico anfitrión | 15532 |
| Número de ítem anfitrión | 15033 |
| Encabezamiento principal | |
| Edición | |
| Lugar, editor y fecha de publicación | Puerto Rico |
| Otro identificador del documento | 14853 |
| Título | TEATRO puertorriqueño |
| Número de control del registro | ( AR-FADEU) 009736 |
| Número Internacional Normalizado para Publicaciones Seriadas | |
| Número Internacional Estándar del Libro | |
| 773 0# - ENLACE AL DOCUMENTO FUENTE/ENTRADA DE REGISTRO ANFITRIÓN | |
| Número bibliográfico anfitrión | 15532 |
| Número de ítem anfitrión | 15034 |
| Encabezamiento principal | |
| Edición | |
| Lugar, editor y fecha de publicación | Puerto Rico |
| Otro identificador del documento | 14854 |
| Título | TEATRO puertorriqueño |
| Número de control del registro | ( AR-FADEU) 009736 |
| Número Internacional Normalizado para Publicaciones Seriadas | |
| Número Internacional Estándar del Libro | |
| 942 ## - ELEMENTOS DE PUNTO DE ACCESO ADICIONAL (KOHA) | |
| Tipo de ítem Koha | BLYNK |
No items available.